| 000 | 007730000a22002410004500 | ||
|---|---|---|---|
| 001 | 61544 | ||
| 010 | _a972-21-0867-0 | ||
| 021 |
_aPT _b71106/93 |
||
| 100 | _a20190502d1997 d||y0pory5003 ba | ||
| 101 | 0 | _apor | |
| 102 | _aPT | ||
| 200 | 1 |
_aUm trono para dois irmãos _fAna Maria Magalhães, Isabel Alçada _gil. Arlindo Fagundes |
|
| 205 | _a2.ª ed | ||
| 210 |
_aLisboa _cCaminho _d1997 |
||
| 215 |
_a219 p _cil. |
||
| 225 | 2 |
_aViagens no Tempo _v11 |
|
| 606 |
_92126 _aLiteratura juvenil _xConto |
||
| 675 |
_a821.134.3-34 _vBN _zpor |
||
| 700 | 1 |
_929189 _aMagalhães _bAna Maria _f1946- |
|
| 701 | 1 |
_96354 _aAlçada _bIsabel _cpseud. _4070 |
|
| 702 | 1 |
_918673 _4440 _aFagundes _bArlindo |
|
| 090 | _a61544 | ||
| 942 |
_cMON _n0 |
||
| 999 | _a49474 | ||